Safest U.S. States according to Gay Travel Index - Statistics

General Stats
  • This quiz has been taken 62 times
  • The average score is 8 of 10
Answer Stats
Points State % Correct
15 New York
97%
13 Washington
93%
14 California
91%
13 Oregon
86%
11 Massachusetts
84%
12 New Jersey
78%
11 Illinois
74%
13 Nevada
71%
12 Colorado
69%
11 New Mexico
48%
No matching quizzes found
Score Distribution
Percent of People with Each Score
Percentile by Number Answered
Your Score History
You have not taken this quiz